Statistics for Tricolour Flags

Click here to take the quiz!

General Stats

  • This quiz has been taken 27 times
    (22 since last reset)
  • The average score is 48 of 53

Answer Stats

Answer% Correct
Côte d'Ivoire
100%
Croatia
100%
Egypt
100%
France
100%
Hungary
100%
India
100%
Iran
100%
Ireland
100%
Italy
100%
Luxembourg
100%
Mexico
100%
Netherlands
100%
Russia
100%
Slovakia
100%
Slovenia
100%
Belgium
95%
Bulgaria
95%
Colombia
95%
Germany
95%
Kenya
95%
Niger
95%
Serbia
95%
Yemen
95%
Cameroon
90%
Ecuador
90%
Ethiopia
90%
Ghana
90%
Iraq
90%
Libya
90%
Lithuania
90%
Malawi
90%
Romania
90%
Senegal
90%
Venezuela
90%
Andorra
86%
Chad
86%
Paraguay
86%
Syria
86%
Azerbaijan
81%
Bolivia
81%
Estonia
81%
Mali
81%
Moldova
81%
Myanmar
81%
Sierra Leone
81%
Tajikistan
81%
Uzbekistan
81%
Armenia
76%
Gabon
76%
Guinea
76%
Lesotho
76%
Rwanda
76%
Saint Vincent and the Grenadines
71%

Score Distribution

Percentile by Number Answered

Percent of People with Each Score

Your Score History

You have not taken this quiz since the last reset